000 01006nam a2200121Ia 4500
008 220615s9999||||xx |||||||||||||| ||und||
100 _aScanlan, Aaron||Dalbo, Vincent
245 0 _aImproving Practice and Performance in Basketball
546 _aEnglish[eng]
650 _an/a||talent selection||classification tree||Movement Assessment Battery for Children-2||NBA||basketball||maturation||body composition||fatigue||countermovement jump||athletic performance||circadian rhythm||injury||basketball tactics||female||athlete||non-linear analysis||monitoring||basketball performance||performance analysis||training load||variability||game-related statistics||sleep||youth athletes||accelerometer||women athletes||fat free mass||collegiate athletes||workloads||team sports||machine learning||microtechnology||motor manual sequences||elite sport||attention||visuo-spatial working memory||playing position||smallest worthwhile change||body fat
856 _uhttps://mdpi.com/books/pdfview/book/1799
942 _cEB
999 _c14672
_d14672